|
|
|
|
| LEADER |
01136pam a22002778a 4500 |
| 001 |
00030795 |
| 005 |
20171026081025.0 |
| 008 |
130723s2009 ||||||viesd |
| 020 |
|
|
|c 88000
|
| 041 |
0 |
# |
|a vie
|
| 082 |
1 |
4 |
|a 628.5
|b C460S
|
| 245 |
1 |
0 |
|a Cơ sở khoa học trong công nghệ bảo vệ môi trường
|c Lương Đức Phẩm (tổng ch.b và ch.b); Nguyễn Xuân Nguyên, Phạm Hồng Hải
|n Tập 4
|p Mô hình hóa các quá trình thiết bị công nghệ môi trường
|
| 260 |
# |
# |
|a Hà Nội
|b Giáo dục
|c 2009
|
| 300 |
# |
# |
|a 407 tr.
|c 24 cm.
|
| 653 |
# |
# |
|a Công nghệ môi trường
|
| 653 |
# |
# |
|a Bảo vệ môi trường
|
| 653 |
# |
# |
|a Mô hình hóa
|
| 653 |
# |
# |
|a Ô nhiễm
|
| 653 |
# |
# |
|a Thiết bị
|
| 700 |
1 |
# |
|a Lương, Đức Phẩm
|e Tổng chủ biên và chủ biên
|
| 700 |
1 |
# |
|a Nguyễn, Xuân Nguyên
|
| 700 |
1 |
# |
|a Phạm, Hồng Hài
|
| 852 |
# |
# |
|j KD.0014717
|
| 852 |
# |
# |
|b Kho đọc
|j KD.0014717
|
| 910 |
|
|
|d 7/2013
|
| 980 |
# |
# |
|a Trung tâm Học liệu Lê Vũ Hùng, Trường Đại học Đồng Tháp
|